Kapitanowie Premier League 2019/20 - Statystyki

Ogólne statystyki
  • Ten quiz został rozwiązany 99 razy
  • Średni wynik to 7 z 20
Statystyki odpowiedzi
Klub Kapitan % Poprawnych
Liverpool Jordan Henderson
90%
Tottenham Hugo Lloris/Harry Kane
81%
Chelsea Cesar Azpilicueta
67%
Manchester City David Silva
65%
Manchester United Harry Maguire
64%
Arsenal Pierre-Emerick Aubameyang
62%
Leicester City Kasper Schmeichel
49%
Aston Villa Jack Grealish
47%
West Ham United Mark Noble
38%
Burnley Ben Mee
23%
Brighton Lewis Dunk
22%
Wolverpampton Conor Coady
21%
Everton Seamus Coleman
21%
Watford Troy Deeney
20%
Bournemouth Steve Cook
19%
Crystal Palace Luka Milivojevic
18%
Southampton Pierre-Emile Hojbjerg
10%
Newcastle United Jamaal Lascelles
8%
Sheffield United Oliver Norwood
5%
Norwich Grant Hanley
3%
Nie znaleziono quizów pasujących do podanych kryteriów
Rozkład punktacji
Procent ludzi z każdym wynikiem
Percentyl według liczby udzielonych odpowiedzi
Twoja historia wyników
Nie rozwiązałeś tego quizu